Guess The Horror Game From The Main Antagonist #8 - Statistics

General Stats
  • This quiz has been taken 17 times
  • The average score is 4 of 30
Answer Stats
Main Antagonist Horror Game % Correct
Sonic.EXE Sonic.EXE
86%
The Crooked Man The Crooked Man
36%
The Puppet Five Nights At Freddy’s 2
29%
Bittergiggle Garten of Banban IV
29%
The Squirrel God Squirrel Stapler
29%
Grandpa Grandpa
21%
The Ironback Cult Fears To Fathom - Ironback Lookout
14%
yoshie Nextbot Graveyard
14%
Asmodeus Paranormal Activity: The Lost Soul
14%
The Smiling Man The Smiling Man
14%
The Vent Boy Vent Boy
14%
The Mother Among the Sleep
7%
Ruben Canine
7%
The Deer Family Deer
7%
Longneck Elevated Dread
7%
The Golf God Green Grass Awaits
7%
The Messenger New Message
7%
Josiah Overtime
7%
Doc OXIDE Room 104
7%
Morgan Lansdale Resident Evil: Revelations
7%
The Missing Man Routine
7%
The Children Sad Satan
7%
The Creature in the Well Something In The Well
7%
The Plague Doctor Sorrow Asylum
7%
Teke Teke Teke Teke: Moonlit Dread
7%
Erik The Interview
7%
Clownmask The Nefarious
7%
The Plaything The Prototype
7%
The Wailing Woman The Wailing of the Forest
7%
The Reversed Combine Harvester Wheat Harvest Paradox
7%
No matching quizzes found
Score Distribution
Percent of People with Each Score
Percentile by Number Answered
Your Score History
You have not taken this quiz